History Quiz

Random History Quiz

The Worst U.S Recessions Ever (not in an order of the worst) Quiz Stats

 Plays Quiz not verified by Sporcle

Also try: Hand-Drawn History
Challenge
Share
Tweet
Embed
Score 0/13 Timer 04:00
0 Plays Today
Date of Recession % Correct
The Great Depression
88.9%
Current Recession
27.8%
Panic of 1837
27.8%
Panic of 1873
22.2%
Panic of 1857
11.1%
Panic of 1907
5.6%
Panic of 1893
5.6%
Panic of 1797
5.6%
Early 1980's Recession
0%
1973-1975 Recession
0%
Depression of 1920-21
0%
Depression of 1807
0%
1815-1821 Depression
0%

You're not logged in!

Compare scores with friends on all Sporcle quizzes.
OR
Log In

You Might Also Like...

Show Comments

Extras

Created Dec 15, 2011ReportNominate
Tags:date, ever, order, reason, worst

Top Quizzes Today


Score Distribution

Your Account Isn't Verified!

In order to create a playlist on Sporcle, you need to verify the email address you used during registration. Go to your Sporcle Settings to finish the process.

Report this User

Report this user for behavior that violates our Community Guidelines.

Details: